Ortografía inferencial y operativa / (Registro nro. 13635)

Detalles MARC
000 -LEADER
fixed length control field 00905nam a2200277 a 4500
001 - CONTROL NUMBER
control field
003 - CONTROL NUMBER IDENTIFIER
control field DO-SdBNP
005 - DATE AND TIME OF LATEST TRANSACTION
control field 20210806112919.0
008 - FIXED-LENGTH DATA ELEMENTS--GENERAL INFORMATION
fixed length control field 081212s2016 dr 000 0 spa d
020 ## - INTERNATIONAL STANDARD BOOK NUMBER
International Standard Book Number 9789945005370
040 ## - CATALOGING SOURCE
Original cataloging agency BPMSU
Language of cataloging spa
Transcribing agency BPMSU
082 ## - DEWEY DECIMAL CLASSIFICATION NUMBER
Classification number 461
Item number G216o, 2017
Edition number 22
100 1# - MAIN ENTRY--PERSONAL NAME
Personal name García Molina, Bartolo
245 10 - TITLE STATEMENT
Title Ortografía inferencial y operativa /
Statement of responsibility, etc. Bartolo García Molina ; prólogo Míriam Gutiérrez Pérez.
250 ## - EDITION STATEMENT
Edition statement 9a ed. corr. y actualizada
260 ## - PUBLICATION, DISTRIBUTION, ETC. (IMPRINT)
Place of publication, distribution, etc. Santo Domingo :
Name of publisher, distributor, etc. Surco,
Date of publication, distribution, etc. 2016
300 ## - PHYSICAL DESCRIPTION
Extent 286 p. ;
Dimensions 21 cm.
500 ## - GENERAL NOTE
General note Incluye datos biográficos del autor en la solapa de la cubierta
504 ## - BIBLIOGRAPHY, ETC. NOTE
Bibliography, etc Bibliografía : p. 283-286
590 ## - LOCAL NOTE (RLIN)
Local note Inventariado, 2021/VM
650 #4 - SUBJECT ADDED ENTRY--TOPICAL TERM
Topical term or geographic name as entry element Español
General subdivision Ortografía
650 #4 - SUBJECT ADDED ENTRY--TOPICAL TERM
Topical term or geographic name as entry element Español
General subdivision Ortografía
-- Enseñanza
700 12 - ADDED ENTRY--PERSONAL NAME
Personal name Gutiérrez Pérez, Míriam,
Relator term pról.
910 ## - USER-OPTION DATA (OCLC)
User-option data VMateo V.
942 ## - ADDED ENTRY ELEMENTS (KOHA)
Source of classification or shelving scheme Dewey Decimal Classification
Koha item type Libros
Existencias
Withdrawn status Lost status Source of classification or shelving scheme Damaged status Not for loan Collection code Home library Current library Date acquired Source of acquisition Total Checkouts Full call number Barcode Date last seen Price effective from Koha item type Copy number
    Dewey Decimal Classification     Colección Dominicana Biblioteca Pública Metropolitana Salomé Ureña Biblioteca Pública Metropolitana Salomé Ureña 08/06/2021 Editora Búho   BPMSU CD 461 G216o, 2017 BPMSU21080025 08/06/2021 08/06/2021 Libros  
    Dewey Decimal Classification     Colección Dominicana Biblioteca Pública Metropolitana Salomé Ureña Biblioteca Pública Metropolitana Salomé Ureña 08/06/2021 Editora Búho   BPMSU CD 461 G216o, 2017 BPMSU21080026 08/06/2021 08/06/2021 Libros e.2